000 01712nmm a2200457 a 4500
001 ocm0001512283
003 TR-IsHL
005 20201028165154.0
008 160220s2013 tu tur
007 cr cn
020 _a9786054579471
035 _a1512283
_b(N$T)
050 0 4 _aHQ799.T9
_bG47 2013 2013
090 0 4 _aHQ799.T9
_bG47 2013 2013
245 1 0 _aGençlik halleri: 2000'li yıllar Türkiyesi'nde genç olmak
_h[electronic resource] /
_cderleyenler Demet Lüküslü, Hakan Yücel ; yazarlar Melike Aktaş Yamanoğlu, Gözde Aytemur Nüfusçu, Leyla Burcu Dündar, Tuba Emiroğlu, Işıl Erdinç, Özlem Ezgin, Derya Fırat, Meriç Sobutay, Çağdaş Ekin Şişman, Tolga Tezcan, Yasemin Berrak Tuna, Annegret Warth, Süheyla Yıldız
260 _aAnkara :
_bEfil Yayınevi,
_c2013
300 _a322 p.
650 4 _aSosyoloji
650 4 _aSociology
650 0 _aGençlik
_xTürkiye
650 0 _aYouth
_xTurkey
650 0 _aGençlik
_xTürkiye
_xSosyal durum
650 0 _aYouth
_xTurkey
_xConduct of life
650 7 _aSOCIAL SCIENCE / Social Classes
_2bisacsh
700 1 _aLüküslü, Demet
700 1 _aYücel, Hakan
700 1 _aYamanoğlu, Melike Aktaş
700 1 _aNuüfusçu, Gözde Aytemur
700 1 _aDündar, Leyla Burcu
700 1 _aEmiroğlu, Tuba
700 1 _aErdinç, Işıl
700 1 _aEzgin, Özlem
700 1 _aFırat, Derya
700 1 _aSobutay, Meriç
700 1 _aŞişman, Çağdaş Ekin
700 1 _aTezcan, Tolga
700 1 _aTuna, Yasemin Berrak
700 1 _aWarth, Annegret
700 1 _aYıldız, Süheyla
856 4 0 _uhttp://search.ebscohost.com/login.aspx?direct=true&scope=site&db=e011xww&AN=1512283
999 _c15805
_d15805